000 00429nam a2200181Ia 4500
001 23108
005 20260414150915.0
008 260414t1996||||xx |||||||||||||| ||spa||
041 _aESP
082 _a624
_bM27
100 _aMaso, J.C.
_eAUT
245 0 _aInterfacial transition zone in concrete
_b
260 _c1996
300 _axv, 179 páginas :
_c24 cm.
650 _a0
654 _aCIC
942 _cLIB
_dJUS
_fJUS
_2ddc
_n
999 _c23108
_d23108